00639nam a2200193Ia 4500952013400000999001500134003000400149005001700153008004100170020001800211040000900229082001700238100002800255245005300283260003900336300000900375650002100384942004000405 00102ddc40708CHEMISTRYaMESbMEScCHEd2019-02-20g300.00l0o547.7 SOL/Cp37002r2019-02-20 00:00:00w2019-02-20yBKzGL29R4 c3556d3556OSt20200814122428.0190216s9999||||xx |||||||||||||| ||und|| a9788180940743 coclc a547.7bSOL/C aSolomon, K Anand 94135 0aChemistry Of Natural Products /cK Anand Solomon bM J P Publishers,c2011.aChennai: a172p aNatural Products cBK2ddch547.7iSOL/Ck547.7mSOL/C